Wszystkie miasta województwa ciechanowskiego - Statystyki

Ogólne statystyki
  • Ten quiz został rozwiązany 26 razy
  • Średni wynik to 6 z 11
Statystyki odpowiedzi
Populacja Miasto % Poprawnych
47 468 Ciechanów
100%
30 520 Mława
84%
23 039 Płońsk
79%
3 060 Glinojeck
68%
19 129 Pułtusk
68%
7 222 Nasielsk
53%
8 997 Żuromin
42%
21 088 Działdowo
37%
4 585 Raciąż
26%
1 903 Bieżuń
16%
8 351 Lidzbark
11%
Nie znaleziono quizów pasujących do podanych kryteriów
Rozkład punktacji
Procent ludzi z każdym wynikiem
Percentyl według liczby udzielonych odpowiedzi
Twoja historia wyników
Nie rozwiązałeś tego quizu